2014 The Consular Affairs of China / (Record no. 593156)
[ view plain ]
| 000 -LEADER | |
|---|---|
| fixed length control field | 00273nam a22001097a 4500 |
| 082 ## - DEWEY DECIMAL CLASSIFICATION NUMBER | |
| Classification number | 951 |
| Author Mark | CON |
| 245 ## - TITLE STATEMENT | |
| Title | 2014 The Consular Affairs of China / |
| 260 ## - PUBLICATION, DISTRIBUTION, ETC. | |
| Place of publication, distribution, etc. | China : |
| Name of publisher, distributor, etc. | Ministry of Foreign Affairs, |
| Date of publication, distribution, etc. | 2014. |
| 300 ## - PHYSICAL DESCRIPTION | |
| Extent | 95 p. ; |
| Dimensions | 24 cm. |
| 563 ## - BINDING INFORMATION | |
| Binding note | H.B. |
| 942 ## - ADDED ENTRY ELEMENTS (KOHA) | |
| Source of classification or shelving scheme | |
| Koha item type | Book |
| Withdrawn status | Lost status | Source of classification or shelving scheme | Damaged status | Not for loan | Permanent Location | Current Location | Shelving location | Date acquired | Source of acquisition | Total Checkouts | Full call number | Barcode | Date last seen | Price effective from | Koha item type |
|---|---|---|---|---|---|---|---|---|---|---|---|---|---|---|---|
| Central Library (CL) | Central Library (CL) | Chinese Studies | 02/08/2023 | Donated by Rector Secretariat | 951 CON | CL-D-2238 | 02/08/2023 | 02/08/2023 | Book |
